Philosophy | 0 | 8 | 0 | 1 | 80 | 73 | 95.63 | 0 | 3 |
Social Science | 0 | 8 | 1 | 0 | 75 | 61 | 93.00 | 2 | 4 |
Science - Chemistry | 0 | 7 | 0 | 0 | 70 | 76 | 101.14 | 1 | 3 |
Literature - American Literature | 0 | 6 | 1 | 0 | 55 | 78 | 116.00 | 0 | 1 |
History - European History | 0 | 5 | 0 | 1 | 50 | 47 | 90.20 | 0 | 2 |
Science - Other Science | 0 | 5 | 0 | 0 | 50 | 30 | 65.20 | 2 | 3 |
Fine Arts - Other Fine Arts | 0 | 5 | 1 | 2 | 45 | 102 | 122.40 | 0 | 1 |
Science - Physics | 0 | 5 | 1 | 0 | 45 | 40 | 97.20 | 1 | 2 |
Literature - World Literature | 0 | 4 | 0 | 1 | 40 | 136 | 142.00 | 0 | 0 |
Literature - British Literature | 0 | 5 | 2 | 1 | 40 | 72 | 108.00 | 0 | 4 |
Literature - European Literature | 0 | 4 | 0 | 0 | 40 | 104 | 132.75 | 0 | 0 |
Mythology | 0 | 4 | 0 | 0 | 40 | 57 | 97.75 | 2 | 2 |
Other | 0 | 4 | 0 | 1 | 40 | 44 | 81.25 | 0 | 2 |
Religion | 0 | 4 | 1 | 1 | 35 | 68 | 102.00 | 0 | 1 |
Fine Arts - Painting & Sculpture | 0 | 3 | 0 | 0 | 30 | 116 | 122.67 | 0 | 0 |
Science - Biology | 0 | 4 | 2 | 0 | 30 | 69 | 81.25 | 1 | 4 |
Fine Arts - Classical Music | 0 | 4 | 2 | 0 | 30 | 40 | 83.50 | 1 | 3 |
History - Other History | 0 | 3 | 0 | 1 | 30 | 64 | 105.67 | 0 | 2 |
History - American History | 0 | 4 | 2 | 1 | 30 | 108 | 123.25 | 0 | 1 |
History - World History | 0 | 2 | 0 | 2 | 20 | 133 | 134.00 | 0 | 0 |